[Event "Bratto op-B 28th"]
[White "Regorda, Vittorio"]
[Black "Crimi, Alessandro"]
[Site "Bratto"]
[Round "5"]
[Result "1-0"]
[Date "2008.08.27"]
[WhiteElo "1859"]
[BlackElo "1904"]
[PlyCount "120"]
[EventDate "2008.08.23"]
[EventType "swiss"]
[EventRounds "9"]
[EventCountry "ITA"]
[SourceTitle "EXT 2011"]
[Source "ChessBase"]
[SourceDate "2010.11.26"]
[SourceVersion "1"]
[SourceVersionDate "2010.11.26"]
[SourceQuality "1"]

1. d4 Nf6 2. c4 c5 3. Nc3 g6 4. e4 cxd4 5. Qxd4 Nc6 6. Qd1 Bg7 7. Be3 0-0 8. Bd3 d6 9. f3 Ne5 10. Nge2 Be6 11. b3 Qa5 12. 0-0 Nxd3 13. Qxd3 Nd7 14. Rac1 Qh5 15. Nf4 Qh4 16. g3 Qf6 17. Ncd5 Bxd5 18. Nxd5 Qe6 19. Nc7 Qh3 20. Nxa8 Rxa8 21. Qe2 Nf6 22. Qg2 Qe6 23. Rfe1 Rb8 24. Qf2 a6 25. Re2 b5 26. c5 d5 27. Bf4 Rd8 28. exd5 Qc8 29. Rd2 Re8 30. c6 h6 31. Be3 g5 32. Bb6 Bf8 33. Rdc2 Qf5 34. Rd2 g4 35. fxg4 Qxg4 36. Rd4 Qh5 37. g4 Qg6 38. Qg2 Rc8 39. h3 Ne8 40. g5 h5 41. Bc5 Nd6 42. Bxd6 Qxd6 43. Kh1 Bg7 44. Rd3 Be5 45. Qf3 Qg6 46. Rf1 Rf8 47. Qf5 Qg7 48. Re3 Bd6 49. g6 fxg6 50. Qxf8+ Qxf8 51. Rxf8+ Kxf8 52. Re6 Bb8 53. Rxg6 Kf7 54. Re6 Bc7 55. Kg2 h4 56. Kf3 a5 57. Ke4 Bh2 58. Kf5 Bg3 59. Rh6 Kg7 60. Rh5 a4 1-0

[Event "Bratto op-B 28th"]
[White "Crimi, Alessandro"]
[Black "Crippa, Mario"]
[Site "Bratto"]
[Round "1"]
[Result "1-0"]
[Date "2008.08.23"]
[WhiteElo "1904"]
[BlackElo "1833"]
[PlyCount "44"]
[EventDate "2008.08.23"]
[EventType "swiss"]
[EventRounds "9"]
[EventCountry "ITA"]
[SourceTitle "EXT 2011"]
[Source "ChessBase"]
[SourceDate "2010.11.26"]
[SourceVersion "1"]
[SourceVersionDate "2010.11.26"]
[SourceQuality "1"]

1. d4 Nf6 2. c4 g6 3. Nc3 Bg7 4. e4 d6 5. f4 0-0 6. Nf3 Bg4 7. Be2 Nbd7 8. 0-0 c5 9. d5 Nb6 10. Nd2 h5 11. a4 a5 12. Ra3 Nbd7 13. Nb5 Nb8 14. Bxg4 Nxg4 15. Nf3 Na6 16. h3 Nh6 17. f5 Qd7 18. Ng5 Nb4 19. Raf3 gxf5 20. exf5 Be5 21. Ne4 Kg7 22. f6+ Kg6 1-0

[Event "Crema op 09th"]
[White "Perrotta, Leopoldo"]
[Black "Crimi, Alessandro"]
[Site "Crema"]
[Round "6"]
[Result "1-0"]
[Date "2007.09.09"]
[WhiteElo "1875"]
[BlackElo "1918"]
[PlyCount "91"]
[EventDate "2007.09.07"]
[EventType "swiss"]
[EventRounds "6"]
[EventCountry "ITA"]
[SourceTitle "EXT 2009"]
[Source "ChessBase"]
[SourceDate "2008.11.26"]
[SourceVersion "1"]
[SourceVersionDate "2008.11.26"]
[SourceQuality "1"]

1. e4 c5 2. f4 e6 3. Nf3 Nc6 4. Bb5 Nd4 5. Nc3 a6 6. Be2 Ne7 7. 0-0 Nec6 8. e5 d5 9. exd6 Bxd6 10. Nxd4 Nxd4 11. Ne4 Be7 12. c3 Nc6 13. d3 Qb6 14. Kh1 0-0 15. Qe1 h6 16. Qf2 f5 17. Nd2 e5 18. Nc4 Qc7 19. fxe5 Nxe5 20. Bf4 Bf6 21. d4 cxd4 22. cxd4 Ng4 23. Bxc7 Nxf2+ 24. Rxf2 Bxd4 25. Rf4 Ba7 26. Nb6 Bxb6 27. Bxb6 g5 28. Bc4+ Kg7 29. Rd4 Rf6 30. Ba5 b5 31. Bb3 Kg6 32. Rad1 Bb7 33. Rd6 g4 34. Rxf6+ Kxf6 35. Bc3+ Kg5 36. Kg1 Be4 37. g3 Rf8 38. Rd6 Re8 39. Bd2+ f4 40. Bxf4+ Kf5 41. Rxh6 Bd3 42. Rh5+ Kf6 43. Bd2 Re2 44. Bc3+ Kg6 45. Re5 Be4 46. Rxe4 1-0

[Event "PV Province-ch"]
[White "Arena, Piermario"]
[Black "Crimi, Alessandro"]
[Site "Vigevano"]
[Round "5"]
[Result "1/2-1/2"]
[Date "2007.01.06"]
[WhiteElo "1730"]
[BlackElo "1922"]
[PlyCount "68"]
[EventDate "2007.01.04"]
[EventType "swiss"]
[EventRounds "5"]
[EventCountry "ITA"]
[SourceTitle "EXT 2010"]
[Source "ChessBase"]
[SourceDate "2010.11.25"]
[SourceVersion "1"]
[SourceVersionDate "2010.11.25"]
[SourceQuality "1"]

1. e4 c5 2. c3 e6 3. d4 d5 4. e5 Nc6 5. Nf3 Qb6 6. Be2 Bd7 7. a3 cxd4 8. cxd4 Nge7 9. b4 Nf5 10. Be3 Rc8 11. 0-0 Be7 12. g4 Nxe3 13. fxe3 Qd8 14. Qe1 h5 15. h3 hxg4 16. hxg4 Bh4 17. Nxh4 Qxh4 18. Qxh4 Rxh4 19. Rf2 Ne7 20. Nd2 Rc2 21. Nb3 Rc3 22. Nc5 Rxe3 23. Nxb7 Rg3+ 24. Rg2 Rgh3 25. Nd6+ Kf8 26. Rf1 Rh1+ 27. Kf2 Ng6 28. Rxh1 Rxh1 29. Kg3 Ra1 30. Rf2 Rxa3+ 31. Kh2 Nh8 32. g5 Ra2 33. Kg3 Ra3+ 34. Kh2 Ra2 1/2-1/2

[Event "Pavia Province-ch"]
[White "Crimi, Alessandro"]
[Black "Cammarata, Antonino"]
[Site "Cilavegna"]
[Round "1"]
[Result "1-0"]
[Date "2006.01.06"]
[WhiteElo "1856"]
[BlackElo "1540"]
[PlyCount "49"]
[EventDate "2006.01.06"]
[EventType "swiss"]
[EventRounds "6"]
[EventCountry "ITA"]
[SourceTitle "EXT 2024"]
[Source "ChessBase"]
[SourceDate "2023.10.10"]
[SourceVersion "1"]
[SourceVersionDate "2023.10.10"]
[SourceQuality "1"]

1. d4 b6 2. c4 Nf6 3. Nc3 Bb7 4. f3 g6 5. e4 d6 6. Bd3 Bg7 7. f4 0-0 8. Nf3 Nbd7 9. 0-0 c5 10. d5 e6 11. Nb5 Ne8 12. Ng5 e5 13. f5 Bh6 14. Ne6 Qh4 15. g3 Qh3 16. Be2 Ndf6 17. Nxf8 Bxf8 18. fxg6 hxg6 19. Bg5 Nxe4 20. Bh4 f5 21. Bf3 g5 22. Bxe4 fxe4 23. Qh5 Ng7 24. Qf7+ Kh7 25. Bxg5 1-0